000 00948nas a2200313 4500
001 BR2016002895
003 BR-BrBNA
005 20231205130442.0
007 ta
008 230509b bl.|||p| |||| 00| 00por d
040 _aBR-BrBNA
_bpor
_cBiblioteca Nacional de Agricultura
041 _a(En)
072 _aF60; F30
100 1 _aSoares, T.L.
100 1 _aSouza, E.H. de
100 1 _aCosta, M.A.P. de C.
100 1 _aSilva, S. de O. e
100 1 _aSantos-Serejo, J.A. dos
245 1 _aViability of pollen grains of tetraploid banana
650 _aBANANA
650 _aPOLÉN
650 _aHISTOQUÍMICA
650 _aGERMINAÇÃO
650 _aMELHORAMENTO VEGETAL
773 0 _tBragantia (Brazil)
_xISSN 1678-4499
_g(Apr-Jun 2016), v. 75(2) p. 145-151
_wBR2016002895
856 4 0 _uhttp://www.scielo.br/pdf/brag/v75n2/0006-8705-brag-1678-4499328.pdf
909 _a202311
_bLúcia
_c55
_dLúcia Elande
942 _2AGRIS
_n0
_cANA
999 _c249521
_d249521